00543nam a22001697a 450000500170000001000140001702000110003103500130004203700130005508200150006824500790008326000420016227000710020430000280027565000250030365000450032820100803150319.0 aENG-97942 c100.00 aEN-81475 bDBAD/PUB a344.540545 aThe narcotic drugs and psychotropic substances act, 1985 :b(61 of 1985) / aDelhibUniversal Law Publishingc2010 aC-FF-1A, Dilkhush Industrial Estate,G.T Karnal RoadbDelhie110033 axiii, 173p.c24cm (pbk) aDrugs & abuse - Law aLegislation - criminal provisionszIndia